[Event "Chesterfield SPICE Cup op 18th"]
[Site "Chesterfield"]
[Date "2024.10.16"]
[Round "6"]
[White "Kung, Thomas"]
[Black "Jiang, Andrew"]
[Result "0-1"]
[WhiteElo "2182"]
[BlackElo "2068"]
[PlyCount "84"]
[EventDate "2024.10.13"]
[EventType "swiss"]
[EventRounds "9"]
[EventCountry "USA"]
[SourceTitle "CB43_2024"]
[Source "Chessbase"]
[SourceDate "2024.10.23"]
[SourceVersion "1"]
[SourceVersionDate "2024.10.23"]
[SourceQuality "1"]

1. e4 e5 2. Nf3 Nc6 3. d4 exd4 4. Nxd4 Qf6 5. Nf3 Bb4+ 6. c3 Bc5 7. Be2 h6 8. 0-0 Nge7 9. Nbd2 0-0 10. Nc4 d5 11. exd5 Rd8 12. Ne3 Bxe3 13. fxe3 Nxd5 14. Qc2 Bf5 15. e4 Bg6 16. Bd3 Ndb4 17. cxb4 Nxb4 18. Qxc7 Nxd3 19. Qxb7 Rdb8 20. Qc7 Bxe4 21. Be3 Rxb2 22. Qg3 Qg6 23. Qxg6 Bxg6 24. Rfd1 Re8 25. Bd4 Rbe2 26. Bxa7 Be4 27. Rf1 Nf4 28. Bf2 g5 29. Nd4 Rb2 30. Rfe1 Nxg2 31. Re2 Rxe2 32. Nxe2 Bf3 33. Nd4 Bd5 34. a4 Nf4 35. Bg3 Nh3+ 36. Kf1 Bc4+ 37. Kg2 g4 38. Bc7 h5 39. Kg3 Kg7 40. a5 Re3+ 41. Kh4 Kg6 42. a6 Nf4 0-1

[Event "Chess.com Speed Play In"]
[Site "Chess.com INT"]
[Date "2024.06.27"]
[Round "4"]
[White "Jiang, Andrew"]
[Black "Almeida Saenz, Alfonso"]
[Result "0-1"]
[WhiteElo "2124"]
[BlackElo "2213"]
[PlyCount "122"]
[EventDate "2024.06.27"]
[EventType "swiss (blitz)"]
[EventRounds "11"]
[EventCountry "USA"]
[SourceTitle "CBM 220 Extra"]
[Source "ChessBase"]
[SourceDate "2024.07.31"]
[SourceVersion "1"]
[SourceVersionDate "2024.07.31"]
[SourceQuality "1"]

1. Nf3 Nf6 2. d4 e6 3. g3 c5 4. Bg2 cxd4 5. 0-0 Nc6 6. Nxd4 Bc5 7. Nb3 Be7 8. e4 d5 9. exd5 exd5 10. Nc3 Bg4 11. Qd3 Nb4 12. Qb5+ Bd7 13. Qe2 Bf5 14. Nd4 Bg4 15. Qb5+ Bd7 16. Qe2 0-0 17. Bg5 Re8 18. Qd2 h6 19. Bf4 Bc5 20. Nb3 Bf8 21. a3 Nc6 22. Nxd5 Be6 23. Nc7 Qxd2 24. Nxd2 Nd4 25. Nxa8 Ne2+ 26. Kh1 Nxf4 27. gxf4 Rxa8 28. Nf3 Nh5 29. Nd4 Bc4 30. Rfe1 Nxf4 31. b3 Ba6 32. b4 Rd8 33. Rad1 Bc4 34. Nf5 Rb8 35. Nd6 Be6 36. Nxb7 Nxg2 37. Kxg2 Rxb7 38. Rd8 g6 39. c4 Kg7 40. c5 a5 41. Re4 axb4 42. axb4 Be7 43. Rd2 Bg5 44. Rd1 Bf5 45. Red4 Bf6 46. Rc4 Be6 47. Re4 g5 48. c6 Rb5 49. c7 Be5 50. Rc1 Bc8 51. Kg1 f5 52. Rec4 Kf6 53. Rd1 Be6 54. Rc6 Bxc7 55. Rxc7 Rxb4 56. Rc6 Rg4+ 57. Kf1 Re4 58. Re1 Rxe1+ 59. Kxe1 h5 60. Ke2 Ke5 61. Ra6 Bc4+ 0-1

[Event "Chess.com Speed Play In"]
[Site "Chess.com INT"]
[Date "2024.06.27"]
[Round "7"]
[White "Kleiman, Jake"]
[Black "Jiang, Andrew"]
[Result "1-0"]
[WhiteElo "2399"]
[BlackElo "2124"]
[PlyCount "67"]
[EventDate "2024.06.27"]
[EventType "swiss (blitz)"]
[EventRounds "11"]
[EventCountry "USA"]
[SourceTitle "CBM 220 Extra"]
[Source "ChessBase"]
[SourceDate "2024.07.31"]
[SourceVersion "1"]
[SourceVersionDate "2024.07.31"]
[SourceQuality "1"]

1. e4 e5 2. Nf3 Nc6 3. Bc4 Bc5 4. d3 Nf6 5. c3 d6 6. Bb3 a6 7. Nbd2 Ba7 8. 0-0 h6 9. Re1 g5 10. Nf1 Qe7 11. Ne3 Be6 12. Nd5 Bxd5 13. exd5 Na5 14. Bc2 Nxd5 15. d4 0-0-0 16. Be4 Nf6 17. Bf5+ Kb8 18. b4 Nc4 19. Qb3 Nb6 20. dxe5 dxe5 21. Nxe5 Rhe8 22. Nc6+ bxc6 23. Rxe7 Rxe7 24. Be3 Rde8 25. Re1 Nfd5 26. c4 Nxe3 27. Rxe3 Rxe3 28. fxe3 Nd5 29. c5 Rxe3 30. Qc4 Kb7 31. h3 Re1+ 32. Kh2 f6 33. a4 Ne3 34. Qxa6+ 1-0

[Event "Titled Tuesday intern op 25th Jun Early"]
[Site "Chess.com INT"]
[Date "2024.06.25"]
[Round "3"]
[White "Gelman, Alexander"]
[Black "Jiang, Andrew"]
[Result "1-0"]
[WhiteElo "2403"]
[BlackElo "2124"]
[PlyCount "40"]
[EventDate "2024.06.25"]
[EventType "swiss (blitz)"]
[EventRounds "11"]
[EventCountry "USA"]
[SourceTitle "EXT 2025"]
[Source "ChessBase"]
[SourceDate "2024.10.14"]
[SourceVersion "1"]
[SourceVersionDate "2024.10.14"]
[SourceQuality "1"]

1. c4 Nf6 2. e3 e6 3. d3 d5 4. Nd2 Be7 5. Ngf3 0-0 6. b3 b6 7. Bb2 Bb7 8. a3 Nbd7 9. Rg1 a5 10. g4 Ne8 11. g5 Nd6 12. h4 c5 13. Qc2 a4 14. bxa4 Nf5 15. Bh3 dxc4 16. dxc4 Qc7 17. h5 Bc6 18. Bxf5 exf5 19. Qxf5 Rxa4 20. g6 Bf6 1-0

[Event "Titled Tuesday intern op 21st May Early"]
[Site "Chess.com INT"]
[Date "2024.05.21"]
[Round "1"]
[White "Fiorito, Joaquin"]
[Black "Jiang, Andrew"]
[Result "1-0"]
[WhiteElo "2399"]
[BlackElo "2175"]
[PlyCount "49"]
[EventDate "2024.05.21"]
[EventType "swiss (blitz)"]
[EventRounds "11"]
[EventCountry "USA"]
[SourceTitle "CBM 220 Extra"]
[Source "ChessBase"]
[SourceDate "2024.07.31"]
[SourceVersion "1"]
[SourceVersionDate "2024.07.31"]
[SourceQuality "1"]

1. d4 d5 2. Nc3 Nf6 3. Bf4 a6 4. e3 h6 5. h4 c5 6. dxc5 Nc6 7. Nf3 e6 8. a3 Bxc5 9. Bd3 Bd6 10. Bxd6 Qxd6 11. e4 0-0 12. Qe2 e5 13. exd5 Nxd5 14. Nxd5 Qxd5 15. Qe4 Qxe4+ 16. Bxe4 Bg4 17. 0-0-0 Rab8 18. c3 f5 19. Bxc6 bxc6 20. Rd6 Bxf3 21. gxf3 Rb6 22. Rg1 Rfb8 23. b4 R8b7 24. Rgg6 Rc7 25. Rge6 1-0